Normal view
MARC view
Entry Personal Name
001 - CONTROL NUMBER
- control field: 43074
003 - CONTROL NUMBER IDENTIFIER
- control field: dpl
005 - DATE AND TIME OF LATEST TRANSACTION
- control field: 20120227135016.0
008 - FIXED-LENGTH DATA ELEMENTS
- fixed length control field: 120227|||a|||||| | ||| d
040 ## - CATALOGING SOURCE
- Original cataloging agency: dpl
- Transcribing agency: dpl
100 ## - HEADING--PERSONAL NAME
- Personal name: Siegel, Alice
670 ## - SOURCE DATA FOUND
- Source citation: Work cat.: (dpl): Basta, Mcloone-Margo 43073, Children's treasury of records and facts 2 /
670 ## - SOURCE DATA FOUND
- Source citation: Work cat.: (dpl): Basta, Mcloone-Margo 43073, Children's treasury of records and facts 2 /
